| 000 | 00721nam a2200241 a 4500 | ||
|---|---|---|---|
| 008 | |||
| 020 | _a0070346410 (pbk.) | ||
| 049 | _aMAIN | ||
| 090 |
_aHF1379 _bKIN |
||
| 100 | _aKing, Philip | ||
| 245 | 0 | 0 |
_aInternational economics and international economic policy : _ba reader / _cPhilip King. |
| 260 |
_aNew York : _bMcGraw-Hill, _cc1990. |
||
| 300 |
_a446 p. : _bill. ; _c23 cm. |
||
| 504 | _aIncludes bibliographical references. | ||
| 650 | 0 | _aInternational trade. | |
| 650 | 0 | _aInternational finance. | |
| 700 | 1 | _aKing, Philip. | |
| 907 |
_a.b10053475 _b16-04-12 _c17-04-03 |
||
| 003 | |||
| 005 | 20230123133228.0 | ||
| 040 | _cNUST | ||
| 942 |
_cBOOKS _kHF1379 _mKIN |
||
| 999 |
_c144987 _d144987 |
||